Урология учебник
Учебник подготовлен в соответствии с учебной программой по урологии для студентов медицинских вузов. Приведены современные методы диагностики и лечения урологических заболеваний, подробно изложены новейшие методы обследования урологического больного. В вопросах лечения сделан акцент на наиболее широ...
Сохранить в:
| Hovedforfatter: | |
|---|---|
| Format: | Книга |
| Fag: | |
| Online adgang: | https://www.studentlibrary.ru/book/ISBN9785970427163.html |
| Tags: |
Tilføj Tag
Ingen Tags, Vær først til at tagge denne postø!
|
| LEADER | 01951nam a2200229 4500 | ||
|---|---|---|---|
| 001 | book/ISBN9785970427163 | ||
| 005 | 20250903142001.0 | ||
| 010 | |a 978-5-9704-2716-3 | ||
| 100 | |a 20131128c2013 u y0rusy50 ca | ||
| 101 | | | |a rus | |
| 102 | |a RU | ||
| 105 | |a ||||||||000yy | ||
| 200 | 1 | |a Урология |e учебник |f Комяков Б.К. | |
| 210 | 1 | |a Москва |c ГЭОТАР-Медиа |d 2013 | |
| 215 | |a 464 c. | ||
| 330 | |a Учебник подготовлен в соответствии с учебной программой по урологии для студентов медицинских вузов. Приведены современные методы диагностики и лечения урологических заболеваний, подробно изложены новейшие методы обследования урологического больного. В вопросах лечения сделан акцент на наиболее широко вошедших в клиническую урологию оперативных вмешательствах, особое внимание уделено высокотехнологичным и малоинвазивным методам.Учебник иллюстрирован фотографиями, рентгенограммами, сонограммами, эндоскопическими картинами и рисунками этапов оперативных вмешательств.Предназначен студентам медицинских вузов, клиническим ординаторам и врачам общей практики. | ||
| 610 | 0 | |a Урология | |
| 610 | 0 | |a Клиническая медицина | |
| 700 | 1 | |a Комяков |b Б.К. | |
| 801 | 0 | |a RU |b Geotar |c 20131128 |g RCR |2 rusmarc | |
| 801 | 1 | |a RU |b Geotar |c 20131128 | |
| 856 | 4 | |u https://www.studentlibrary.ru/book/ISBN9785970427163.html | |